6. Kurultay (Record no. 1307)

MARC details
000 -BAŞLIK
Sabit Uzunlukta Kontrol Alanı 01227na a2200349 4500
001 - KONTROL NUMARASI
Denetim Alanı 17812
003 - KONTROL NUMARASI IDENTIFIER
Denetim Alanı MIRAKIL
005 - SON İŞLEM TARİHİ VE ZAMANI
Denetim Alanı 20181213154818.0
008 - SABİT-BOY VERİ ELEMANLARI - GENEL BİLGİLER
Sabit Uzunlukta Kontrol Alanı 161104b tu 000 0
035 ## - SİSTEM KONTROL NUMARASI
Sistem Kontrol Numarası 17812
040 ## - KATALOGLAMA KAYNAK
Orijinal Kataloglama Ajansı Milas
Kataloglama Dili tur
Metne Dönüştürmek Ajansı TR-AnCHP
041 ## - DİL KODU
Metin / Ses Parça Veya Ayrı Başlığın Dil Kodu tur
082 ## - DEWEY ONLU SINIFLANDIRMA NUMARASI
Sınıflandırma Numarası CHP 324.2372
Ürün Numarası C36a 1943
090 ## - SINIFLAMA NUMARASI
Sınıflama Numarası CHP 324.2372 C36a 1943
111 ## - ANA GİRİŞ - TOPLANTI ADI
Giriş Elemanı Olarak Toplantı Adı Veya Yargı Alanı Adı CHP Olağan Kurultay
Toplantının Yeri Ankara
Toplantı Veya Antlaşma İmzalandığı Tarihi 8 Haziran 1943
Bölüm / Bölüm / Toplantı Sayısı 6.
222 ## - ANAHTAR ADI
Anahtar Başlık Altıncı Kurultay
245 ## - BAŞLIK TABLOSU
Başlık 6. Kurultay
Başlığın Kalan 8 Haziran 1943
Sorumluluk Tablosu, Vb [Ulus gazetesi...ve öte.]
260 ## - YAYIN, DAĞITIM, VB
Yayın, Dağıtım, Vb Yeri Ankara
Yayıncı, Dağıtıcı, Vs Adı Ulus Gazetesi
Yayın, Dağıtım, Vb Tarihi 1943
300 ## - FİZİKSEL TANIM
Kapsam 76 s.
Diğer Fiziksel Ayrıntıları res.
Boyutlar 30 sm.
440 ## - SERİSİ TABLOSU / KATMA GİRİŞİ - BAŞLIK
Başlık Cumhuriyet Halk Partisi Yayınları
500 ## - GENEL NOT
Genel Not Dış kapakta adı : Cumhuriyetçiyiz, Milliyetçiyiz, Halkçıyız, Devletçiyiz, Laikiz, İnkılapçıyız
610 ## - KONU KATMA GİRİŞ - TOPLANTI ADI
Giriş Elemanı Olarak Kurumsal Ad Veya Yargı Alanı Adı Cumhuriyet Halk Partisi
Genel Alt Bölüm Kurultaylar
Kronolojik Alt Bölüm 1945
610 ## - KONU KATMA GİRİŞ - TOPLANTI ADI
Giriş Elemanı Olarak Kurumsal Ad Veya Yargı Alanı Adı Cumhuriyet Halk Partisi
651 ## - KONU KATMA GİRİŞ - COĞRAFİ ADI
Coğrafi İsim Türkiye
Genel Alt Bölümü Siyaset ve yönetim
Kronolojik Alt Bölümü 1943-1945
740 ## - KATMA GİRİŞ - KONTROLSUZ İLGİLİ / ANALİTİK BAŞLIK
Kontrol Edilmeyen / İlgili Analitik Başlıktaki Cumhuriyetçiyiz, Milliyetçiyiz, Halkçıyız, Devletçiyiz, Laikiz, İnkılapçıyız
740 ## - KATMA GİRİŞ - KONTROLSUZ İLGİLİ / ANALİTİK BAŞLIK
Kontrol Edilmeyen / İlgili Analitik Başlıktaki CHP 6. Kurultayı
830 ## - SERİSİ EKLENDİ GİRİŞ - ÜNİFORM ADI
Üniforma Başlık CHP yayınları
942 ## - EKLENDİ GİRİŞ ELEMANLARI (KOHA)
Sınıflandırma Veya Raf Düzeni Kaynak Dewey Decimal Classification
Koha Öğesi Türü Books
999 ## - SİSTEM KONTROL NUMARALARI (KOHA)
Koha Biblionumber 1307
Koha Biblioitemnumber 1307
657 ## - INDEX SÜRE - İŞLEVİ
-- CHP Olağan Kurultayları
657 ## - INDEX SÜRE - İŞLEVİ
-- CHP kurultayları
657 ## - INDEX SÜRE - İŞLEVİ
-- CHP büyük kurultaylar
Holdings
Kalıcı Konum Mevcut Konum Edinme Tarihi Edinim Kaynak Toplam Check-Out'Lar Tam Çağrı Numarası Barkod Tarih Son Görülme İtibaren Geçerli Fiyatlar Koha Öğesi Türü
CHP Kütüphanesi CHP Kütüphanesi 11/04/2016 Bağış   CHP 324.2372 C36a 1943 009092 11/04/2016 11/04/2016 Books